| 000 | 00749cam a22002177a 4500 | ||
|---|---|---|---|
| 999 |
_c7708 _d7708 |
||
| 003 | OSt | ||
| 005 | 20200317171724.0 | ||
| 008 | 020528s2001 enkab 000 0 eng d | ||
| 010 | _a 2002283196 | ||
| 020 | _a0471495611 | ||
| 040 |
_aUKM _cUKM _dDLC |
||
| 082 |
_a645 _bWIL |
||
| 100 | 1 |
_aWillats, Stephen, _d1943- |
|
| 245 | 1 | 0 |
_aBeyond the plan : _bthe transformation of personal space in housing / _cby Stephen Willats. |
| 260 |
_aChichester, West Sussex : _bWiley-Academy, _c2001. |
||
| 300 |
_a136 p. : _bill., maps ; _c19 cm. |
||
| 650 | 0 |
_aInterior decoration _xHuman factors |
|
| 650 | 0 |
_aPersonal space _xPsychological aspects. |
|
| 856 | 4 | 2 |
_3Publisher description _uhttp://www.loc.gov/catdir/description/wiley035/2002283196.html |
| 942 | _2ddc | ||